Costa Rica-Quiz - Statistiken

Allgemein
  • Dieses Quiz wurde 1.591 mal gespielt
  • Das Durchschnittsergebnis liegt bei 8 aus 17
Antwortstatistiken
Frage Antwort % Korrekt
Amtssprache Spanisch
99%
Nachbarland Panama
94%
Nachbarland Nicaragua
92%
Meer, das am Osten Costa Ricas grenzt Karibisches Meer
87%
Hauptstadt San José
79%
Costa Rica hat vor 2021 dies zu werden {Klima}neutral
74%
Das einzige Land Amerikas mit einer höheren Lebenserwartung Kanada
67%
Bedeutung des Namens des Landes in dieser Sprache Reiche Küste
64%
Regierungssektor, der 1948 abgeschaffen wurde Militär
39%
Vier Affengattungen in Costa Rica (nenne eine) Kapuziner | Brüllaffe | Klammeraffe | Totenkopfaffe
34%
Währung Colón
25%
Umgangssprachlicher Begriff für eine Person aus Costa Rica Tico / Tica
19%
Gericht aus Reis und Bohnen, das zum Frühstuck serviert wird Gallo {Pinto}
17%
Aktivster Vulkan von Costa Rica Arenal
16%
Fluss, der ein Großteil der nördlichen Grenze ausmacht Río {San} {Juan}
11%
Insel im Pazifik und angeblicher südlichster Punkt Nordamerikas Kokos-Insel
10%
Echsenspezies, die auf dem Wasser rennen kann {Helm}basilisk
8%
Keine übereinstimmenden Quizze gefunden
Verteilung der Resultate
Anzahl Personen mit jedem Resultat
Perzentil nach korrekt beantworteten Fragen
Ihre Resultats-Entwicklung
Sie haben dieses Quiz noch nicht gespielt